Reformation of the senses : (Titelsatznr. 54797)
[ MARC ]
| 000 -Satzkennung | |
|---|---|
| Kontrollfeld mit fester Länge | 01078nam a22002891c 4500 |
| 001 - Kontrollnummer | |
| Kontrollfeld | EBC5621961 |
| 008 - Feld mit fester Länge zur physischen Beschreibung - Allgemeine Angaben | |
| Kontrollfeld mit fester Länge | 200825s2019 gw |||| 000u eng d |
| 020 ## - Internationale Standardbuchnummer | |
| Internationale Standardbuchnummer | 9780252042195 |
| -- | 978-0-252-08399-0 |
| -- | 978-0-252-05093-0 |
| Verknüpfung | 978-0-252-04219-5 |
| 041 ## - Sprachcode | |
| Sprachcode des Textes/der Tonspur oder des separaten Titels | eng |
| 040 ## - Katalogisierungsquelle | |
| Übertragungsstelle | RU-10907106 |
| 003 - Kontrollnummer Identifier | |
| Kontrollfeld | RU-10907106 |
| 100 1# - Haupteintragung - Personenname | |
| Personenname | Baum, Jacob M. |
| 245 00 - Titel | |
| Titel | Reformation of the senses : |
| Zusatz zum Titel | the paradox of religious belief and practice in Germany / |
| Verfasserangabe etc. | Jacob M. Baum |
| 264 ## - Produktion, Veröffentlichung, Distribution, Herstellung und Urheberrechtsvermerk | |
| Herstellungs-, Veröffentlichungs- Vertriebs-, Erzeugungsort | Urbana ; Chicago ; Springfield : |
| Produzent, Herausgeber, Distributor, Hersteller | University of Illinois Press, |
| Datum der Herstellung, der Veröffentlichung, des Vertriebs oder des Urheberschutzvermerks | [2019] |
| 300 ## - Physische Beschreibung | |
| Umfang | 1 Online-Ressource (ix, 296 Seiten) |
| 336 ## - Inhaltstyp | |
| Inhaltstypterm | Text |
| Inhaltstypcode | txt |
| Quelle | rdacontent |
| 337 ## - Medientyp | |
| Bezeichnung des Medientyps | Computermedien |
| Medientypcode | c |
| Quelle | rdamedia |
| 338 ## - Datenträgertyp | |
| Datenträgertypbezeichnung | Online-Ressource |
| Datenträgertypcode | cr |
| Quelle | rdacarrier |
| 490 #0 - Gesamttitelangabe | |
| Gesamttitelangabe | Studies in sensory history |
| 500 ## - Allgemeine Fußnote | |
| Allgemeine Fußnote | E-Book-ProQuest / Fernzugriff nach Registrierung möglich |
| 650 #0 - Nebeneintragung unter einem Schlagwort - Sachschlagwort | |
| Sachschlagwort oder geografischer Name als Eintragungselement | Religiöses Leben |
| 650 #0 - Nebeneintragung unter einem Schlagwort - Sachschlagwort | |
| Sachschlagwort oder geografischer Name als Eintragungselement | Frömmigkeit |
| 650 #0 - Nebeneintragung unter einem Schlagwort - Sachschlagwort | |
| Sachschlagwort oder geografischer Name als Eintragungselement | Religionsausübung |
| 655 #0 - Indexierungsterm - Genre/Form | |
| Genre/Form oder fokussierter Term | Fernzugriff |
| 856 4# - Elektronische Adresse und Zugriff | |
| URL | <a href="https://ebookcentral.proquest.com/lib/maxweberstiftung-ebooks/detail.action?docID=5621961">https://ebookcentral.proquest.com/lib/maxweberstiftung-ebooks/detail.action?docID=5621961</a> |
| 942 ## - Zusätzliche Felder (Koha) | |
| Koha-Medientyp | E-Books |
| Ausgeschieden | Verloren | Beschädigt | Nicht entleihbar | Heimatbibliothek | Aufenthaltsbibliothek | Aufstellungsort | Erwerbungsdatum | Inventarnummer | Signatur | Barcode | Letzte Aktivität | Preis gültig von | Koha-Medientyp |
|---|---|---|---|---|---|---|---|---|---|---|---|---|---|
| MWN Osteuropa | MWN Osteuropa | Online-Ressource | 25/08/2020 | 20-e00692 | E-20-e00692 | 54811 | 18/03/2021 | 22/03/2021 | E-Books |